Secret agent.

Saved in:
Bibliographic Details
Main Author: Horler, Sydney, 1888-1954
Format: Book
Language:English
Published: London : Collins, 1934.
LEADER 00629nam a2200181 i 4500
001 c000081182
003 CARM
005 00000000000000.0
008 810322s1934 ukk 00001 eng d
019 1 |a 6357459  |5 LACONCORD2021 
035 |a (OCoLC)46704750  |5 LACONCORD2021 
100 1 |a Horler, Sydney,  |d 1888-1954. 
245 1 0 |a Secret agent. 
260 |a London :  |b Collins,  |c 1934. 
300 |a 254p. 
852 8 |b CARM  |h A2:AM18G0  |i A00708  |p 0097848  |f BK 
999 f f |i d0d7f06d-793a-504c-821f-d7de4a1e84c8  |s 5a0060e1-cf50-5f49-9c3c-378c5cd62035 
952 f f |p Can circulate  |a CAVAL  |b CAVAL  |c CAVAL  |d CARM 1 Store  |e A00708  |f A2:AM18G0  |h Other scheme  |i book  |m 0097848